000 00933nam a2200265Ia 4500
003 OSt
005 20221005112701.0
006 a|||||r|||| 00| 0
007 ta
008 221004b |||||||| |||| 00| 0 pan d
020 _a9788180591327 (hbk)
_cINR 800.00
024 _a38938
037 _b1016, 30/01/2018, H.K. Prakashan
_cTextual
040 _aCRL
_cCRL
_bpan
041 _2pan
_apan
082 _aO153,2x, Q6
100 _aਵਰਮਾ, ਸਤੀF ਕੁਮਾਰ, ਥਦ.
245 0 _aFੀਲਾ ਭਾਟੀਆ ਦੇ ਉਪੇਰੇ
260 _aਦਿੱਲੀ
_bF੍ਰੀ ਪ੍ਰਕਾFਨ ਭਾਰਤ
_c2016
300 _a470ਪ0
_ccm.
650 _a ਪੰਜਾਬੀ ਨਾਟਕ
650 _aਪੰਜਾਬੀ ਸਾਹਿਤ
942 _hO153,2x, Q6
_cTEXL
_2cc
999 _c1025651
_d1025651